[Event "Oban Open"]
[Site "Oban"]
[Date "2016.11.18"]
[Round "1.1"]
[White "Irving, Neil"]
[Black "Tate, Alan"]
[Result "0-1"]
[WhiteElo "1845"]
[BlackElo "2331"]
[PlyCount "66"]
[EventDate "2016.11.??"]
[EventType "swiss"]
[EventRounds "5"]
[EventCountry "SCO"]
[SourceVersionDate "2017.08.01"]

1. Nf3 d5 2. c4 c6 3. g3 Bg4 4. Bg2 Nf6 5. cxd5 Bxf3 6. Bxf3 cxd5 7. d4 Nc6 8.
Nc3 e6 9. Bg5 Qb6 10. Bxf6 gxf6 11. e3 Qxb2 12. Rc1 Bb4 13. Qc2 Qxc2 14. Rxc2
Rc8 15. O-O Ne7 16. Rfc1 Kd7 17. Be2 Bxc3 18. Bb5+ Kd6 19. Rxc3 Rxc3 20. Rxc3
a6 21. Bd3 e5 22. dxe5+ fxe5 23. f4 e4 24. Bc2 f5 25. Kf2 b5 26. a3 a5 27. Bd1
b4 28. axb4 axb4 29. Rc1 Ra8 30. Bb3 Ra3 31. Rb1 Nc6 32. Rb2 Na5 33. Bd1 Kc5
0-1

[Event "Oban Open"]
[Site "Oban"]
[Date "2016.11.18"]
[Round "1.2"]
[White "Holmes, Donald A"]
[Black "Jelfs, Alan"]
[Result "1-0"]
[WhiteElo "2323"]
[BlackElo "1840"]
[PlyCount "71"]
[EventDate "2016.11.??"]
[EventType "swiss"]
[EventRounds "5"]
[EventCountry "SCO"]
[SourceVersionDate "2017.08.01"]

1. e4 e5 2. Nf3 Nc6 3. Bb5 a6 4. Ba4 Nf6 5. d3 d6 6. c3 Be7 7. Nbd2 O-O 8. Nf1
b5 9. Bb3 Na5 10. Bc2 c5 11. Ng3 Qc7 12. O-O Bd7 13. h3 Rad8 14. d4 cxd4 15.
cxd4 exd4 16. Re1 Nc6 17. Bb1 d5 18. e5 Ne4 19. Nxe4 dxe4 20. Bxe4 g6 21. Bh6
Rfe8 22. Rc1 Qb6 23. a3 b4 24. e6 fxe6 25. Qc2 d3 26. Qxd3 Bf8 27. Bxf8 Rxf8
28. Bxg6 Be8 29. Bxh7+ Kh8 30. Qe4 Nd4 31. Ng5 Nc6 32. Re3 e5 33. Ne6 Rd4 34.
Nxd4 Rf4 35. Rxc6 Rxe4 36. Rxb6 1-0

[Event "Oban Open"]
[Site "Oban"]
[Date "2016.11.18"]
[Round "1.3"]
[White "Ridge, Michael"]
[Black "Orr, Mark JL"]
[Result "0-1"]
[WhiteElo "1837"]
[BlackElo "2110"]
[PlyCount "78"]
[EventDate "2016.11.??"]
[EventType "swiss"]
[EventRounds "5"]
[EventCountry "SCO"]
[SourceVersionDate "2017.08.01"]

1. c4 e6 2. Nc3 Nf6 3. e4 d5 4. e5 d4 5. exf6 dxc3 6. bxc3 Qxf6 7. d4 b6 8. Nf3
Bb7 9. Ne5 Bd6 10. Qa4+ c6 11. f4 O-O 12. Be3 c5 13. O-O-O Rc8 14. Rg1 cxd4 15.
cxd4 Nc6 16. Be2 Qe7 17. Kb1 Nxe5 18. dxe5 Be4+ 19. Bd3 Bxd3+ 20. Rxd3 Bc5 21.
Rgd1 Bxe3 22. Rxe3 Qh4 23. Red3 Qxf4 24. Qxa7 Qe4 25. Qd7 h6 26. Qd4 Rxc4 27.
Qxe4 Rxe4 28. Rd7 Rxe5 29. Rb7 Re2 30. Rdd7 Raxa2 31. Rxb6 Rxg2 32. Rb8+ Kh7
33. Rxf7 Raf2 34. Rxf2 Rxf2 35. Re8 Rxh2 36. Rxe6 Rd2 37. Kc1 Rd5 38. Kc2 h5
39. Kc3 g6 0-1

[Event "Oban Open"]
[Site "Oban"]
[Date "2016.11.18"]
[Round "1.4"]
[White "Birkett, Richard"]
[Black "Doyle, Jim"]
[Result "1-0"]
[WhiteElo "2092"]
[BlackElo "1787"]
[PlyCount "60"]
[EventDate "2016.11.??"]
[EventType "swiss"]
[EventRounds "5"]
[EventCountry "SCO"]
[SourceVersionDate "2017.08.01"]

1. d4 Nf6 2. Nf3 g6 3. c4 Bg7 4. Nc3 d5 5. e3 c6 6. Bd3 Nbd7 7. O-O O-O 8. Qb3
e6 9. Rd1 Qe7 10. cxd5 exd5 11. Qc2 Re8 12. Rb1 Ne4 13. b4 Nf8 14. Bxe4 dxe4
15. Nd2 f5 16. b5 Be6 17. bxc6 bxc6 18. Qa4 Rac8 19. Nb3 Qf7 20. Nc5 Rb8 21.
Rxb8 Rxb8 22. Nxe6 Nxe6 23. Qxc6 Nd8 24. Qa4 Rc8 25. Nb5 Qc4 26. Qxc4+ Rxc4 27.
Nxa7 Ra4 28. Nb5 Rxa2 29. Ba3 Nb7 30. h3 g5 1-0

[Event "Oban Open"]
[Site "Oban"]
[Date "2016.11.18"]
[Round "1.5"]
[White "Robinson, Martin"]
[Black "Grant, Alan"]
[Result "0-1"]
[WhiteElo "1780"]
[BlackElo "1981"]
[PlyCount "70"]
[EventDate "2016.11.??"]
[EventType "swiss"]
[EventRounds "5"]
[EventCountry "SCO"]
[SourceVersionDate "2017.08.01"]

1. e4 c5 2. Nf3 e6 3. d3 Nc6 4. g3 g6 5. Bg2 Bg7 6. O-O Nge7 7. Nbd2 O-O 8. c3
d6 9. Re1 e5 10. a3 h6 11. a4 Be6 12. Nc4 Qd7 13. Bd2 f5 14. Qe2 f4 15. d4 cxd4
16. cxd4 Bg4 17. dxe5 Nd4 18. Qd3 Nxf3+ 19. Bxf3 fxg3 20. Re3 gxf2+ 21. Kxf2
Bxf3 22. Rxf3 Rxf3+ 23. Kxf3 Qh3+ 24. Ke2 Qxh2+ 25. Kd1 Qh1+ 26. Be1 dxe5 27.
Kc2 Nc6 28. Qd5+ Kh7 29. Rd1 Rd8 30. Nd6 Qxe1 31. Rxe1 Nb4+ 32. Kb3 Nxd5 33.
Nxb7 Rb8 34. exd5 Rxb7+ 35. Kc4 Rxb2 0-1

[Event "Oban Open"]
[Site "Oban"]
[Date "2016.11.18"]
[Round "1.6"]
[White "Slinger, Anthony"]
[Black "Wiltshir, Rich"]
[Result "1-0"]
[WhiteElo "1913"]
[BlackElo "1635"]
[PlyCount "45"]
[EventDate "2016.11.??"]
[EventType "swiss"]
[EventRounds "5"]
[EventCountry "SCO"]
[SourceVersionDate "2017.08.01"]

1. e4 c6 2. d4 d5 3. e5 Bf5 4. Nf3 h6 5. Be2 Nd7 6. Be3 e6 7. Nc3 Ne7 8. O-O
Qc7 9. a3 O-O-O 10. Qc1 Bg4 11. Na4 Nf5 12. b4 Be7 13. c3 Nh4 14. Qd1 b5 15.
Nc5 Nxc5 16. bxc5 Rdg8 17. Nxh4 Bxe2 18. Qxe2 Bxh4 19. a4 a6 20. axb5 axb5 21.
Ra6 Kd7 22. Rfa1 Rb8 23. Qh5 1-0

[Event "Oban Open"]
[Site "Oban"]
[Date "2016.11.18"]
[Round "1.7"]
[White "D'Costa, Leston"]
[Black "White, Stuart"]
[Result "0-1"]
[WhiteElo "1628"]
[BlackElo "1906"]
[PlyCount "106"]
[EventDate "2016.11.??"]
[EventType "swiss"]
[EventRounds "5"]
[EventCountry "SCO"]
[SourceVersionDate "2017.08.01"]

1. d4 d5 2. Bf4 Nf6 3. e3 c5 4. c3 Nc6 5. Nd2 Bf5 6. Qb3 Qd7 7. Ngf3 c4 8. Qd1
Qc8 9. Ne5 Nxe5 10. Bxe5 b5 11. Be2 e6 12. O-O Be7 13. Nf3 h6 14. h3 O-O 15.
Bxf6 Bxf6 16. Ne5 Be7 17. Bg4 Bh7 18. Bh5 g6 19. Be2 f6 20. Ng4 Kg7 21. f4 g5
22. Nh2 Bd6 23. Bh5 Qc7 24. h4 Bd3 25. Rf2 f5 26. hxg5 hxg5 27. Be2 Be4 28. g3
Rh8 29. Bf3 Bxf3 30. Qxf3 g4 31. Qe2 Kf6 32. Rd1 b4 33. Rd2 Rab8 34. Nf1 Rh3
35. Rh2 Rbh8 36. Qe1 Qa5 37. Qa1 bxc3 38. bxc3 Ba3 39. Rxh3 Rxh3 40. Rh2 Rxh2
41. Kxh2 Qb6 42. Qd1 Qb2+ 43. Qd2 Qb1 44. Kg2 Bc1 45. Qe2 Bb2 46. e4 Qxe4+ 47.
Kf2 Qxe2+ 48. Kxe2 Bxc3 49. Ke3 Ke7 50. Nd2 Kd6 51. a4 Kc6 52. Nb1 Bb4 53. Nd2
Kb6 0-1

[Event "Oban Open"]
[Site "Oban"]
[Date "2016.11.18"]
[Round "1.8"]
[White "Marks, Ian A"]
[Black "McPheator, Gary"]
[Result "1-0"]
[WhiteElo "1900"]
[BlackElo "1626"]
[PlyCount "75"]
[EventDate "2016.11.??"]
[EventType "swiss"]
[EventRounds "5"]
[EventCountry "SCO"]
[SourceVersionDate "2017.08.01"]

1. d4 e6 2. c4 Nf6 3. Nc3 Bb4 4. Qc2 c5 5. dxc5 Bxc5 6. Nf3 Nc6 7. a3 O-O 8.
Bg5 Be7 9. e3 Nd5 10. cxd5 exd5 11. Bxe7 Nxe7 12. Be2 b6 13. O-O Bb7 14. Nd4 f5
15. Bf3 g6 16. Qb3 Kh8 17. Nxd5 Nc6 18. Qc3 Kg8 19. Nxc6 Bxc6 20. Qd4 g5 21.
Bh5 g4 22. Rad1 Qg5 23. Nf4 Rf6 24. Qc4+ Kh8 25. Bf7 h5 26. Bd5 h4 27. Bxc6
Rxc6 28. Qd4+ Kg8 29. Qxd7 Rac8 30. Rd6 R6c7 31. Qe6+ Kh8 32. Ng6+ Kh7 33. Rd7+
Rxd7 34. Qxd7+ Kxg6 35. Qxc8 Qf6 36. Rc1 Qxb2 37. Rc6+ Kh5 38. Qxf5# 1-0

[Event "Oban Open"]
[Site "Oban"]
[Date "2016.11.18"]
[Round "1.9"]
[White "Connolly Sams, Lukah"]
[Black "Mort, Andrew"]
[Result "1/2-1/2"]
[WhiteElo "1476"]
[BlackElo "1845"]
[PlyCount "78"]
[EventDate "2016.11.??"]
[EventType "swiss"]
[EventRounds "5"]
[EventCountry "SCO"]
[SourceVersionDate "2017.08.01"]

1. d4 f5 2. Bg5 Nf6 3. Bxf6 exf6 4. e3 d5 5. c4 Bb4+ 6. Nc3 Nc6 7. Qb3 Be6 8.
a3 Bxc3+ 9. bxc3 Na5 10. Qa4+ c6 11. c5 O-O 12. Ne2 b6 13. Nf4 Qd7 14. Bd3 Nb7
15. Qa6 Rfb8 16. Nxe6 Qxe6 17. cxb6 axb6 18. Qxb6 Na5 19. Qc7 Rb7 20. Qf4 Rb3
21. Bxf5 Qe7 22. O-O Rxc3 23. Ra2 Rb3 24. Re2 Nc4 25. Qg4 Rbxa3 26. Be6+ Kh8
27. e4 Ra1 28. g3 Qb4 29. Qh5 Rxf1+ 30. Kxf1 Nd2+ 31. Kg2 g6 32. Qh4 Kg7 33.
exd5 cxd5 34. Bxd5 Rd8 35. Re6 g5 36. Qh5 Rxd5 37. Qe8 Qf8 38. Qc6 Rxd4 39.
Qc7+ Kg6 1/2-1/2

[Event "Oban Open"]
[Site "Oban"]
[Date "2016.11.19"]
[Round "2.1"]
[White "Tate, Alan"]
[Black "Slinger, Anthony"]
[Result "1/2-1/2"]
[WhiteElo "2331"]
[BlackElo "1913"]
[PlyCount "102"]
[EventDate "2016.11.??"]
[EventType "swiss"]
[EventRounds "5"]
[EventCountry "SCO"]
[SourceVersionDate "2017.08.01"]

1. e4 e5 2. Nf3 Nc6 3. Bc4 Nf6 4. d3 Be7 5. O-O O-O 6. Re1 d6 7. a4 h6 8. a5 a6
9. c3 Be6 10. Nbd2 Qd7 11. Qb3 Rab8 12. h3 Rfe8 13. Bxe6 Qxe6 14. Qxe6 fxe6 15.
Nc4 Nd7 16. b4 Bf6 17. Ne3 Kh7 18. Bd2 g6 19. g3 Bg7 20. Kg2 Rf8 21. Re2 Rf7
22. Nh2 Nf6 23. Nhg4 Rd8 24. Nc4 Nxg4 25. hxg4 g5 26. Ne3 Kg6 27. Be1 Ne7 28.
Rb1 c6 29. Nc4 Ng8 30. Bd2 Nf6 31. f3 h5 32. gxh5+ Nxh5 33. Rf1 Bf8 34. Be3 Be7
35. Bb6 Rc8 36. Ref2 Nf6 37. d4 exd4 38. Bxd4 Nd7 39. f4 Rcf8 40. Ne3 e5 41.
f5+ Kf6 42. Ba7 Rh7 43. c4 Rfh8 44. Ng4+ Kf7 45. f6 Bf8 46. Be3 Rg8 47. Rf5 Rh5
48. Rd1 Ke6 49. Rdf1 Kf7 50. Rd1 Ke6 51. Rdf1 Kf7 1/2-1/2

[Event "Oban Open"]
[Site "Oban"]
[Date "2016.11.19"]
[Round "2.2"]
[White "Orr, Mark JL"]
[Black "Marks, Ian A"]
[Result "1-0"]
[WhiteElo "2110"]
[BlackElo "1900"]
[PlyCount "113"]
[EventDate "2016.11.??"]
[EventType "swiss"]
[EventRounds "5"]
[EventCountry "SCO"]
[SourceVersionDate "2017.08.01"]

1. c4 e5 2. Nc3 Nf6 3. Nf3 Nc6 4. g3 Bb4 5. Nd5 e4 6. Nh4 O-O 7. Bg2 d6 8. Nxb4
Nxb4 9. a3 Nc6 10. d3 exd3 11. Qxd3 Re8 12. O-O Bg4 13. Re1 Qd7 14. b3 Bh3 15.
Bh1 Ne5 16. Qc2 c6 17. Bb2 Qe6 18. e4 Rad8 19. a4 g5 20. Nf5 d5 21. Nd4 Qd7 22.
exd5 cxd5 23. Rxe5 Rxe5 24. Nf3 Qf5 25. Qxf5 Rxf5 26. Nxg5 Bg4 27. Bxf6 Rxf6
28. Bxd5 Be6 29. Ne4 Rf3 30. Bxb7 Rxb3 31. Bd5 Rc8 32. Bxe6 fxe6 33. c5 h6 34.
Kg2 Rb4 35. Kf3 a5 36. Rc1 Rxa4 37. c6 Rc7 38. Rc5 Ra1 39. Nd6 Ra2 40. Nb5 Rf7+
41. Ke3 Raxf2 42. c7 Rxc7 43. Nxc7 Rxh2 44. Rxa5 Kf7 45. Re5 Rh1 46. Kf2 Rc1
47. Nxe6 Kf6 48. Re3 Rc6 49. Nf4 Ra6 50. Kf3 Rc6 51. Kg4 Rc5 52. Re6+ Kg7 53.
Nh5+ Kh7 54. Re7+ Kg8 55. Nf6+ Kf8 56. Nd7+ Kxe7 57. Nxc5 1-0

[Event "Oban Open"]
[Site "Oban"]
[Date "2016.11.19"]
[Round "2.3"]
[White "White, Stuart"]
[Black "Birkett, Richard"]
[Result "1-0"]
[WhiteElo "1906"]
[BlackElo "2092"]
[PlyCount "107"]
[EventDate "2016.11.??"]
[EventType "swiss"]
[EventRounds "5"]
[EventCountry "SCO"]
[SourceVersionDate "2017.08.01"]

1. d4 f5 2. g3 Nf6 3. Bg2 e6 4. Nf3 Be7 5. O-O O-O 6. c4 d6 7. Nc3 Qe8 8. Re1
Qg6 9. e4 Nxe4 10. Nxe4 fxe4 11. Rxe4 Nc6 12. Qe2 e5 13. dxe5 dxe5 14. Nxe5
Nxe5 15. Rxe5 Bd6 16. Be4 Qf6 17. Rh5 g6 18. Rh4 Bf5 19. Bxf5 Qxf5 20. Be3 Rae8
21. Qd2 Bc5 22. Bxc5 Qxc5 23. Rd1 Re7 24. b4 Qf5 25. Rf4 Qc8 26. Qd5+ Kg7 27.
Rfd4 Rf5 28. Qg2 Qe6 29. f4 c6 30. Qf2 Qf6 31. c5 g5 32. Rd6 Qc3 33. Rd7 Rff7
34. Rxe7 Rxe7 35. fxg5 Rf7 36. Qd4+ Qxd4+ 37. Rxd4 Kg6 38. h4 Rf3 39. Kh2 Ra3
40. Rd6+ Kf5 41. Rf6+ Kg4 42. Rf4+ Kh5 43. Kh3 Kg6 44. Rf6+ Kg7 45. Rd6 Rxa2
46. Rd7+ Kg8 47. Rxb7 a5 48. b5 cxb5 49. c6 Rc2 50. c7 b4 51. Rb8+ Kf7 52. c8=Q
Rxc8 53. Rxc8 Ke6 54. Ra8 1-0

[Event "Oban Open"]
[Site "Oban"]
[Date "2016.11.19"]
[Round "2.4"]
[White "Grant, Alan"]
[Black "Parks, Joe"]
[Result "1-0"]
[WhiteElo "1981"]
[BlackElo "1870"]
[PlyCount "33"]
[EventDate "2016.11.??"]
[EventType "swiss"]
[EventRounds "5"]
[EventCountry "SCO"]
[SourceVersionDate "2017.08.01"]

1. d4 d5 2. Nf3 e6 3. c4 Nf6 4. Nc3 c5 5. cxd5 exd5 6. Bf4 Nc6 7. e3 c4 8. Be2
Bb4 9. O-O O-O 10. Ne5 Qa5 11. Qc2 g6 12. Nxc6 bxc6 13. a3 Be7 14. Bf3 Re8 15.
e4 Nxe4 16. Nxe4 Bf5 17. Qc3 1-0

[Event "Oban Open"]
[Site "Oban"]
[Date "2016.11.19"]
[Round "2.5"]
[White "Dawson, Euan"]
[Black "Newton, Andrew"]
[Result "0-1"]
[WhiteElo "1599"]
[BlackElo "1912"]
[PlyCount "60"]
[EventDate "2016.11.??"]
[EventType "swiss"]
[EventRounds "5"]
[EventCountry "SCO"]
[SourceVersionDate "2017.08.01"]

1. e4 e6 2. d3 d5 3. Qe2 Nc6 4. Nf3 d4 5. e5 Qd5 6. c3 Nge7 7. c4 Qa5+ 8. Bd2
Qc5 9. Na3 Ng6 10. Nb5 Qb6 11. Qe4 a6 12. Nbxd4 Qxb2 13. Rc1 Ngxe5 14. Nxc6
Nxc6 15. Be2 Qxa2 16. O-O Qa3 17. c5 Bxc5 18. Ra1 Qb2 19. Rfc1 f5 20. Qa4 Qb6
21. Be1 Bd7 22. Qc4 Bd6 23. Rab1 Qa7 24. Bc3 O-O 25. Ng5 Nd8 26. Nxh7 Kxh7 27.
Qh4+ Kg8 28. Bh5 Nf7 29. Bg6 Nh6 30. Bd2 Rf6 0-1

[Event "Oban Open"]
[Site "Oban"]
[Date "2016.11.19"]
[Round "2.6"]
[White "Mort, Andrew"]
[Black "Smith, Callum"]
[Result "1/2-1/2"]
[WhiteElo "1845"]
[BlackElo "1565"]
[PlyCount "60"]
[EventDate "2016.11.??"]
[EventType "swiss"]
[EventRounds "5"]
[EventCountry "SCO"]
[SourceVersionDate "2017.08.01"]

1. c4 c6 2. g3 d5 3. Bg2 Nf6 4. Nf3 Bf5 5. cxd5 cxd5 6. Qb3 Qb6 7. Qxb6 axb6 8.
d3 e6 9. O-O Nc6 10. Nc3 Bc5 11. a3 O-O 12. Bg5 Be7 13. Nh4 Bg6 14. Nxg6 hxg6
15. Rac1 Nd4 16. e4 Nb3 17. Rcd1 d4 18. Ne2 Rac8 19. e5 Nd5 20. Bxd5 exd5 21.
Bxe7 Rfe8 22. Bd6 Rc2 23. Nc1 Nd2 24. Rfe1 Nf3+ 25. Kg2 Nxe1+ 26. Rxe1 Rxb2 27.
Ne2 Rd2 28. Nxd4 Rxd3 29. Nb5 Rc8 30. Nc7 d4 1/2-1/2

[Event "Oban Open"]
[Site "Oban"]
[Date "2016.11.19"]
[Round "2.7"]
[White "Dawson, Alastair"]
[Black "Connolly Sams, Lukah"]
[Result "1-0"]
[WhiteElo "1807"]
[BlackElo "1476"]
[PlyCount "41"]
[EventDate "2016.11.??"]
[EventType "swiss"]
[EventRounds "5"]
[EventCountry "SCO"]
[SourceVersionDate "2017.08.01"]

1. Nf3 d5 2. g3 Nc6 3. d4 Nf6 4. Bg2 Bf5 5. O-O e6 6. c4 Be7 7. cxd5 exd5 8.
Nc3 O-O 9. Nh4 Be4 10. f3 Bg6 11. Nxg6 fxg6 12. Be3 Na5 13. Bf2 Nc4 14. b3 Nb6
15. a4 a5 16. e4 dxe4 17. fxe4 Ng4 18. Qxg4 Rxf2 19. Rxf2 Qxd4 20. Qe6+ Kh8 21.
Qxe7 1-0

[Event "Oban Open"]
[Site "Oban"]
[Date "2016.11.19"]
[Round "2.8"]
[White "Wiltshir, Rich"]
[Black "Irving, Neil"]
[Result "0-1"]
[WhiteElo "1635"]
[BlackElo "1845"]
[PlyCount "54"]
[EventDate "2016.11.??"]
[EventType "swiss"]
[EventRounds "5"]
[EventCountry "SCO"]
[SourceVersionDate "2017.08.01"]

1. Nc3 d5 2. Nf3 Nf6 3. e3 e6 4. b3 Be7 5. Bb2 c5 6. Bb5+ Bd7 7. Qe2 O-O 8. Ne5
Bxb5 9. Qxb5 Qc7 10. Ne2 a6 11. Qd3 Nc6 12. Nxc6 Qxc6 13. O-O Rfd8 14. Ng3 Rac8
15. Qe2 b5 16. a4 b4 17. d3 c4 18. dxc4 dxc4 19. Rad1 cxb3 20. cxb3 Rxd1 21.
Rxd1 Qc2 22. Rc1 Qxc1+ 23. Bxc1 Rxc1+ 24. Nf1 Ne4 25. f3 Nc5 26. Kf2 Rb1 27.
Ng3 Rb2 0-1

[Event "Oban Open"]
[Site "Oban"]
[Date "2016.11.19"]
[Round "2.9"]
[White "Jelfs, Alan"]
[Black "Robinson, Martin"]
[Result "1-0"]
[WhiteElo "1840"]
[BlackElo "1780"]
[PlyCount "65"]
[EventDate "2016.11.??"]
[EventType "swiss"]
[EventRounds "5"]
[EventCountry "SCO"]
[SourceVersionDate "2017.08.01"]

1. d4 Nf6 2. c4 g6 3. Nc3 Bg7 4. e4 O-O 5. Be2 d6 6. Be3 Nbd7 7. b4 c5 8. bxc5
dxc5 9. Rc1 Qa5 10. Nf3 Nxe4 11. Kf1 Nxc3 12. Qd2 cxd4 13. Bxd4 Bxd4 14. Nxd4
Qxa2 15. Qxc3 Nf6 16. f3 Qa4 17. Nb5 a6 18. Bd1 axb5 19. Bxa4 bxa4 20. Kf2 Be6
21. Rhd1 Rfc8 22. Qb4 Nd7 23. Qxe7 Nc5 24. h4 h5 25. g4 hxg4 26. h5 gxh5 27.
Qg5+ Kf8 28. Qxh5 a3 29. Qh6+ Ke7 30. Qg5+ Ke8 31. Rd4 Nb3 32. Qb5+ Ke7 33.
Qxb3 1-0

[Event "Oban Open"]
[Site "Oban"]
[Date "2016.11.19"]
[Round "2.10"]
[White "McPheator, Gary"]
[Black "Ridge, Michael"]
[Result "1-0"]
[WhiteElo "1626"]
[BlackElo "1837"]
[PlyCount "106"]
[EventDate "2016.11.??"]
[EventType "swiss"]
[EventRounds "5"]
[EventCountry "SCO"]
[SourceVersionDate "2017.08.01"]

1. e4 c5 2. Nc3 g6 3. g3 Bg7 4. Bg2 Nc6 5. f4 d6 6. Nf3 Nf6 7. d3 O-O 8. Be3 b5
9. O-O b4 10. Ne2 a5 11. h3 Rb8 12. Rb1 Be6 13. a3 Qd7 14. Ng5 bxa3 15. Nxe6
Qxe6 16. bxa3 Nd7 17. Qd2 Qa2 18. Rxb8 Rxb8 19. e5 Nd4 20. Nxd4 cxd4 21. Bxd4
Qxa3 22. Ra1 Qb4 23. Qxb4 axb4 24. Ra7 Rd8 25. Bc6 dxe5 26. fxe5 Bxe5 27. Bxe5
Nxe5 28. Ba4 e6 29. Kf2 Rc8 30. Ke3 Nc6 31. Ra6 Ne7 32. Ke4 Nd5 33. Bb3 Nc3+
34. Ke3 Kg7 35. Ra7 Kf6 36. Rb7 Rc5 37. Rxb4 Re5+ 38. Kf3 Rf5+ 39. Rf4 h5 40.
Rxf5+ Kxf5 41. Ke3 g5 42. Kd2 Nb5 43. Ba4 Nc7 44. c4 h4 45. gxh4 gxh4 46. Ke3
e5 47. Bd7+ Kf6 48. Ke4 Ke7 49. Bc8 Kd6 50. c5+ Kxc5 51. Kxe5 Ne8 52. Bd7 Nd6
53. d4+ Kc4 1-0

[Event "Oban Open"]
[Site "Oban"]
[Date "2016.11.19"]
[Round "2.11"]
[White "Doyle, Jim"]
[Black "D'Costa, Leston"]
[Result "1-0"]
[WhiteElo "1787"]
[BlackElo "1628"]
[PlyCount "69"]
[EventDate "2016.11.??"]
[EventType "swiss"]
[EventRounds "5"]
[EventCountry "SCO"]
[SourceVersionDate "2017.08.01"]

1. e4 c5 2. Nf3 Nc6 3. d4 cxd4 4. Nxd4 g6 5. Nxc6 bxc6 6. Qd4 Nf6 7. e5 Nd5 8.
e6 Nf6 9. exf7+ Kxf7 10. Be2 Bg7 11. O-O d5 12. Qh4 h5 13. Nd2 Bf5 14. Qa4 Qd7
15. Nf3 Ne4 16. c3 e5 17. Ng5+ Nxg5 18. Bxg5 Bf6 19. Bxf6 Kxf6 20. Rad1 g5 21.
Rfe1 g4 22. Bd3 Be6 23. g3 h4 24. Rxe5 Rae8 25. Qf4+ Ke7 26. Rde1 Kd8 27. Qf6+
Qe7 28. Qxe7+ Rxe7 29. Rxe6 Rxe6 30. Rxe6 hxg3 31. hxg3 Kc7 32. Bf5 Rb8 33. b3
Rg8 34. Rg6 Re8 35. Kf1 1-0

[Event "Oban Open"]
[Site "Oban"]
[Date "2016.11.19"]
[Round "3.1"]
[White "White, Stuart"]
[Black "Orr, Mark JL"]
[Result "1-0"]
[WhiteElo "1906"]
[BlackElo "2110"]
[PlyCount "43"]
[EventDate "2016.11.??"]
[EventType "swiss"]
[EventRounds "5"]
[EventCountry "SCO"]
[SourceVersionDate "2017.08.01"]

1. d4 Nf6 2. c4 e6 3. Nc3 Bb4 4. e3 b6 5. Nge2 c5 6. a3 Ba5 7. Rb1 Qe7 8. Bd2
O-O 9. d5 exd5 10. b4 cxb4 11. axb4 Bxb4 12. Rxb4 Qxb4 13. Nxd5 Qxc4 14. Nef4
Qxd5 15. Nxd5 Nxd5 16. Qf3 Nc7 17. Bb4 Nc6 18. Bxf8 Kxf8 19. Bc4 Ne5 20. Qe4
Nxc4 21. Qxc4 Ne6 22. Qd5 1-0

[Event "Oban Open"]
[Site "Oban"]
[Date "2016.11.19"]
[Round "3.2"]
[White "Slinger, Anthony"]
[Black "Grant, Alan"]
[Result "1/2-1/2"]
[WhiteElo "1913"]
[BlackElo "1981"]
[PlyCount "85"]
[EventDate "2016.11.??"]
[EventType "swiss"]
[EventRounds "5"]
[EventCountry "SCO"]
[SourceVersionDate "2017.08.01"]

1. e4 c5 2. Nf3 e6 3. g3 Nc6 4. Bg2 Nf6 5. d3 g6 6. O-O Bg7 7. Re1 O-O 8. c3 d5
9. e5 Nd7 10. d4 Qb6 11. Na3 h6 12. Nc2 a5 13. Rb1 cxd4 14. cxd4 Qd8 15. a3 Nb6
16. Ne3 Bd7 17. h4 Kh7 18. h5 Ne7 19. Qd3 Rc8 20. Nh4 Qe8 21. hxg6+ fxg6 22.
Qd2 a4 23. Bf1 g5 24. Bd3+ Kg8 25. Nhg2 Nc4 26. Nxc4 dxc4 27. Be4 Bc6 28. Bxc6
Rxc6 29. Ne3 Qg6 30. Ra1 Rd8 31. Qb4 Rc7 32. Qc3 b5 33. Qa5 Rcd7 34. Qxb5 Rxd4
35. Qxa4 Qe4 36. Nc2 Rd1 37. Be3 Rxa1 38. Rxa1 Ra8 39. Qd7 Qxc2 40. Qxe7 Qxb2
41. Qxe6+ Kh8 42. Rc1 Qxe5 43. Qxe5 1/2-1/2

[Event "Oban Open"]
[Site "Oban"]
[Date "2016.11.19"]
[Round "3.3"]
[White "Newton, Andrew"]
[Black "Tate, Alan"]
[Result "0-1"]
[WhiteElo "1912"]
[BlackElo "2331"]
[PlyCount "111"]
[EventDate "2016.11.??"]
[EventType "swiss"]
[EventRounds "5"]
[EventCountry "SCO"]
[SourceVersionDate "2017.08.01"]

1. d4 d5 2. c4 c6 3. Nf3 Nf6 4. Nc3 e6 5. Bg5 h6 6. Bxf6 Qxf6 7. e3 Nd7 8. cxd5
exd5 9. Qc2 g6 10. Bd3 Bg7 11. O-O O-O 12. b4 Qd6 13. Rab1 a5 14. a3 axb4 15.
axb4 Nb6 16. Rfc1 Bg4 17. Qd1 Rfc8 18. h3 Bd7 19. Qc2 Be6 20. Qb3 Nd7 21. Ra1
b5 22. Qb2 Nb6 23. Qb3 Nc4 24. Rab1 Ra3 25. Qc2 Rb8 26. Nd2 Raa8 27. Rb3 Re8
28. Ncb1 Ra4 29. Qc3 f5 30. Nf3 Bf7 31. g3 Rxe3 32. Kg2 Re8 33. Nbd2 Bf6 34.
Rcb1 Kg7 35. Ne1 h5 36. Nc2 h4 37. gxh4 Bxh4 38. Nf3 Bf6 39. Rg1 Qf4 40. Rbb1
Rh8 41. Rbe1 Rh5 42. Na1 Ra8 43. Nb3 Rxh3 44. Be2 Rah8 45. Nc5 g5 46. Bxc4 dxc4
47. Qe3 Qg4+ 48. Kf1 Rxf3 49. Qd2 Qh3+ 50. Ke2 g4 51. Rh1 Qg2 52. Rhf1 c3 53.
Qc1 Bc4+ 54. Kd1 Bxf1 55. Ne6+ Kf7 56. Qa1 0-1

[Event "Oban Open"]
[Site "Oban"]
[Date "2016.11.19"]
[Round "3.4"]
[White "Birkett, Richard"]
[Black "Dawson, Alastair"]
[Result "1-0"]
[WhiteElo "2092"]
[BlackElo "1807"]
[PlyCount "53"]
[EventDate "2016.11.??"]
[EventType "swiss"]
[EventRounds "5"]
[EventCountry "SCO"]
[SourceVersionDate "2017.08.01"]

1. e4 d6 2. d4 Nf6 3. Nc3 e5 4. Nf3 Nbd7 5. Bc4 Be7 6. Ng5 O-O 7. Bxf7+ Rxf7 8.
Ne6 Qe8 9. Nxc7 Qd8 10. Nxa8 b5 11. O-O Bb7 12. dxe5 Nxe5 13. f3 Qxa8 14. Nxb5
d5 15. exd5 Bc5+ 16. Nd4 Nxd5 17. c3 Nf4 18. Bxf4 Rxf4 19. Qe2 Nxf3+ 20. gxf3
Kh8 21. Rae1 h6 22. Qe8+ Kh7 23. Qxa8 Bxa8 24. Kg2 Bd5 25. Re5 Rg4+ 26. Kh3
Bxd4 27. Rxd5 1-0

[Event "Oban Open"]
[Site "Oban"]
[Date "2016.11.19"]
[Round "3.5"]
[White "Marks, Ian A"]
[Black "Jelfs, Alan"]
[Result "1-0"]
[WhiteElo "1900"]
[BlackElo "1840"]
[PlyCount "57"]
[EventDate "2016.11.??"]
[EventType "swiss"]
[EventRounds "5"]
[EventCountry "SCO"]
[SourceVersionDate "2017.08.01"]

1. d4 f5 2. Nc3 Nf6 3. Bg5 c6 4. f3 h6 5. Bxf6 exf6 6. e4 Bb4 7. Bd3 O-O 8.
exf5 d6 9. Nge2 Qa5 10. a3 Bxc3+ 11. Nxc3 Re8+ 12. Kf2 Na6 13. Qd2 Qb6 14. Qf4
d5 15. g4 Bd7 16. h4 Re7 17. g5 fxg5 18. hxg5 hxg5 19. Qxg5 Qxd4+ 20. Kg2 Rae8
21. Rh4 Qe3 22. Qg6 Re5 23. Rah1 Kf8 24. Qd6+ Kf7 25. Qxd7+ R8e7 26. Qd6 Qg5+
27. Rg4 Qd2+ 28. Kg3 Kg8 29. f6 1-0

[Event "Oban Open"]
[Site "Oban"]
[Date "2016.11.19"]
[Round "3.6"]
[White "Irving, Neil"]
[Black "Mort, Andrew"]
[Result "1-0"]
[WhiteElo "1845"]
[BlackElo "1787"]
[PlyCount "73"]
[EventDate "2016.11.??"]
[EventType "swiss"]
[EventRounds "5"]
[EventCountry "SCO"]
[SourceVersionDate "2017.08.01"]

1. Nf3 e6 2. c4 f5 3. g3 Nf6 4. Bg2 Be7 5. O-O O-O 6. d4 d6 7. Nc3 a5 8. Re1
Ne4 9. Qd3 Nc6 10. Nxe4 Nb4 11. Qb1 fxe4 12. Qxe4 e5 13. Qb1 Bf5 14. e4 Bg4 15.
Re3 Bxf3 16. Rxf3 exd4 17. Bd2 Nc6 18. Rxf8+ Qxf8 19. f4 Bf6 20. Qd3 Qe7 21. a3
g6 22. Re1 Bg7 23. b3 Kh8 24. Bf1 Re8 25. Qf3 Qd7 26. Bd3 b6 27. g4 Rf8 28. Qg3
Nd8 29. Re2 Ne6 30. b4 axb4 31. axb4 Ra8 32. g5 Qe7 33. f5 Be5 34. Qh4 Ra3 35.
fxe6 Rxd3 36. Rf2 Qxe6 37. Rf8+ 1-0